Sports Quiz

Random Sports or WWE Quiz

WWE Big 4 PPV Opponents of Chris Jericho Quiz Stats

 Plays Quiz not verified by Sporcle

Challenge
Share
Tweet
Embed
Score 0/93 Timer 10:00
0 Plays Today
% Correct
Royal Rumble won by Triple H (Jericho eliminated by Dean Ambrose)
97.1%
Royal Rumble won by Randy Orton (Jericho eliminated by Roman Reigns)
96%
Triple H
95.9%
Triple H
95.9%
Triple H
95.9%
Triple H
95.9%
Royal Rumble won by Randy Orton (Jericho eliminated by The Undertaker)
95.9%
Royal Rumble won by Chris Benoit (Jericho eliminated by Big Show)
94.6%
Royal Rumble won by The Rock (Jericho eliminated by Chyna)
94.1%
Royal Rumble won by Edge (Jericho eliminated by Edge)
93.6%
Edge
93.6%
Edge
93.6%
Edge
93.6%
Edge
93.6%
Royal Rumble won by John Cena (Jericho eliminated by Dolph Ziggler)
93.4%
Randy Orton
93.4%
Randy Orton
91.6%
The Rock
91.4%
Kevin Owens
91.1%
Shawn Michaels
91.1%
Shawn Michaels
91.1%
Shawn Michaels
91.1%
Shawn Michaels
91.1%
John Cena
90.5%
John Cena
90.5%
Kane
90.5%
Kane
90.4%
Kane
90.4%
Chris Benoit
88.5%
Chris Benoit
88.4%
Chris Benoit
88.4%
% Correct
Chris Benoit
88.4%
The Undertaker
88%
Stone Cold Steve Austin
87.2%
CM Punk
86.3%
CM Punk
86.3%
Christian
85.6%
Christian
85.5%
Big Show
85.4%
Kurt Angle
85.2%
Kurt Angle
85.2%
AJ Styles
84.9%
Dean Ambrose
83.7%
AJ Styles
82.2%
Royal Rumble won by Batista (Jericho eliminated by Batista)
80.9%
Batista
80.9%
Batista
80.9%
Shane McMahon
80.9%
Bray Wyatt
79.4%
Royal Rumble won by Brock Lesnar (Jericho eliminated by Test)
76.4%
Booker T
72.4%
Booker T
72.4%
Booker T
72.4%
Rob Van Dam
71.2%
Rob Van Dam
71.2%
Rob Van Dam
71.2%
Fandango
70.8%
Shelton Benjamin
70.4%
Shelton Benjamin
70.4%
Shane McMahon
70.4%
Royal Rumble won by Sheamus (last eliminated Jericho)
69.9%
Dolph Ziggler
69.6%
% Correct
Chyna
69.1%
Chyna
69.1%
Ric Flair
67.5%
Bray Wyatt
67.4%
Wade Barrett
67%
Skip Sheffield
63.7%
Goldberg
63.3%
Heath Slater
62.1%
Justin Gabriel
58.6%
David Otunga
58.2%
John Bradshaw Layfield
56.3%
Darren Young
55.6%
D-Von Dudley
54.7%
Bubba Ray Dudley
54.7%
Kevin Nash
53.7%
Michael Tarver
53.5%
John Morrison
53.5%
William Regal
53.2%
Roddy Piper
51.2%
Enzo Amore
51.1%
Big Cass
51%
Ricky Steamboat
51%
Mr. Kennedy
50.6%
Montel Vontavious Porter
49.2%
Jimmy Snuka
48%
Carlito
44.8%
Hardcore Holly
43.3%
Rhyno
35.1%
Snitsky
25.9%
JTG
22.9%
Shad Gaspard
22.4%

You're not logged in!

Compare scores with friends on all Sporcle quizzes.
OR
Log In

You Might Also Like...

Show Comments

Extras

Top Quizzes Today


Score Distribution

Your Account Isn't Verified!

In order to create a playlist on Sporcle, you need to verify the email address you used during registration. Go to your Sporcle Settings to finish the process.

Report this User

Report this user for behavior that violates our Community Guidelines.

Details: